20 éléments chimiques aléatoires dans le tableau périodique - Statistiques

Statistiques générales
  • Ce quiz a été pris 38 fois
  • Le résultat moyen est 10 sur 20
Réponses sur la Carte
Les réponses sont colorées sur une échelle allant du rouge au vert en fonction du pourcentage des utilisateurs qui les ont devinées à leur premier essai. Vous pouvez retrouver ces pourcentages ci-dessous.
 
Statistiques - réponses
Z Elément % Correct
13 Aluminium
100%
47 Argent
100%
18 Argon
100%
33 Arsenic
100%
7 Azote
100%
83 Bismuth
100%
5 Bore
100%
35 Brome
100%
48 Cadmium
100%
20 Calcium
100%
6 Carbone
100%
17 Chlore
100%
27 Cobalt
100%
29 Cuivre
100%
99 Einsteinium
100%
63 Europium
100%
9 Fluor
100%
87 Francium
100%
2 Helium
100%
67 Holmium
100%
1 Hydrogène
100%
36 Krypton
100%
12 Magnésium
100%
25 Manganèse
100%
10 Néon
100%
28 Nickel
100%
102 Nobélium
100%
15 Phosphore
100%
78 Platine
100%
84 Polonium
100%
88 Radium
100%
21 Scandium
100%
14 Silicium
100%
11 Sodium
100%
38 Strontium
100%
52 Tellure
100%
117 Tennesse
100%
22 Titane
100%
92 Uranium
100%
23 Vanadium
100%
51 Antimoine
75%
55 Césium
67%
110 Darmstadium
67%
77 Iridium
67%
116 Livermorium
67%
89 Actinium
50%
24 Chrome
50%
112 Copernicium
50%
26 Fer
50%
32 Germanium
50%
49 Indium
50%
53 Iode
50%
57 Lanthane
50%
80 Mercure
50%
8 Oxygène
50%
91 Protactinium
50%
111 Roentgenium
50%
44 Ruthénium
50%
104 Rutherfordium
50%
106 Seaborgium
50%
74 Tungstène
50%
41 Niobium
40%
56 Baryum
33%
97 Berkélium
33%
66 Dysprosium
33%
50 Etain
33%
108 Hassium
33%
103 Lawrencium
33%
76 Osmium
33%
94 Plutonium
33%
34 Sélénium
33%
73 Tantale
33%
81 Thallium
33%
70 Ytterbium
33%
39 Yttrium
33%
72 Hafnium
25%
59 Praséodyme
25%
86 Radon
25%
90 Thorium
25%
95 Américium
0%
85 Astate
0%
4 Béryllium
0%
107 Bohrium
0%
98 Californium
0%
58 Cérium
0%
96 Curium
0%
105 Dubnium
0%
68 Erbium
0%
100 Fermium
0%
114 Flévorium
0%
64 Gadolinium
0%
31 Gallium
0%
3 Lithium
0%
71 Lutécium
0%
109 Meitnérium
0%
101 Mendélévium
0%
42 Molybdène
0%
115 Moscovium
0%
60 Néodyme
0%
93 Neptunium
0%
113 Nihonium
0%
118 Oganesson
0%
79 Or
0%
46 Palladium
0%
82 Plomb
0%
19 Potassium
0%
61 Prométhium
0%
75 Rhénium
0%
45 Rhodium
0%
37 Rubidium
0%
62 Samarium
0%
16 Soufre
0%
43 Technétium
0%
65 Terbium
0%
69 Thulium
0%
54 Xénon
0%
30 Zinc
0%
40 Zirconium
0%
Aucun quiz correspondant
Distribution des résultats
% des personnes avec chaque résultat
Percentile par nombre de réponses
Votre historique - résultats
Vous n’avez pas pris ce quiz